MARC

LEADER 00000nam0a2200000 4500
001 671804
005 20240410115951.0
035 |a (RuTPU)RU\TPU\book\134765 
090 |a 671804 
100 |a 20240326d1926 km|y0rusy50 ca 
101 0 |a rus 
102 |a RU 
105 |a a z 001zy 
181 0 |a i   |b  e  
182 0 |a n 
183 0 |a nc  |2 RDAcarrier 
200 1 |a О подъемных силах, развивающихся на лопатках гидравлических аппаратов  |f Центральный аэрогидродинамический институт ; П. А. Вальтер  |h Ч. 2 : Вращающиеся колёса 
210 |a Москва  |c [Б. и.]  |d 1926 
215 |a 40 с.  |c ил. 
225 1 |a Труды Центрального аэро-гидродинамического института  |v Вып. 18(118) 
283 |a volume 
600 1 |a Жуковский  |b Н. Е.  |c российский учёный  |c основоположник современной аэродинамики  |f 1847-1921  |g Николай Егорович  |9 433 
606 |a Аэродинамические установки  |2 stltpush  |3 (RuTPU)RU\TPU\subj\29887  |9 53119 
610 1 |a гидравлические аппараты 
610 1 |a плоские сходящиеся потоки 
610 1 |a техническая термодинамика 
610 1 |a подъемная сила 
610 1 |a методика расчетов 
610 1 |a лопатки 
610 1 |a вихревые потоки 
675 |a 533.6.07  |v 3 
700 |a Вальтер  |b П. А. 
712 0 2 |a Центральный аэрогидродинамический институт (ЦАГИ)  |c (Москва)  |3 (RuTPU)RU\TPU\col\4446 
801 1 |a RU  |b 63413507  |c 20240326  |g PSBO 
801 2 |a RU  |b 63413507  |c 20240326  |g PSBO 
942 |c CR